Statistics for Winning Super Bowl Coaches Quiz

Click here to take the quiz!

General Stats

  • This quiz has been taken 9,987 times
    (3,337 since last reset)
  • The average score is 18 of 32

Answer Stats

Years Team Coach % Correct
2001, 2003, 2004, 2014, 2016, 2018PatriotsBill Belichick
96%
1966, 1967PackersVince Lombardi
78%
2012RavensJohn Harbaugh
78%
2013SeahawksPete Carroll
77%
2008SteelersMike Tomlin
76%
1992, 1993CowboysJimmy Johnson
73%
2002BuccaneersJon Gruden
71%
2009SaintsSean Payton
71%
2007, 2011GiantsTom Coughlin
69%
2010PackersMike McCarthy
67%
1985BearsMike Ditka
66%
2006ColtsTony Dungy
66%
1971, 1977CowboysTom Landry
65%
1976RaidersJohn Madden
64%
1972, 1973DolphinsDon Shula
62%
1986, 1990GiantsBill Parcells
62%
2017EaglesDoug Pederson
61%
2005SteelersBill Cowher
59%
1981, 1984, 198849ersBill Walsh
59%
1997, 1998BroncosMike Shanahan
55%
1974, 1975, 1978, 1979SteelersChuck Noll
54%
1982, 1987, 1991RedskinsJoe Gibbs
49%
1996PackersMike Holmgren
47%
2015BroncosGary Kubiak
45%
1995CowboysBarry Switzer
43%
1999RamsDick Vermeil
42%
2000RavensBrian Billick
39%
1989, 199449ersGeorge Seifert
35%
1969ChiefsHank Stram
31%
1980, 1983RaidersTom Flores
30%
1968JetsWeeb Ewbank
26%
1970ColtsDon McCafferty
12%

Score Distribution

Percentile by Number Answered

Percent of People with Each Score

Your Score History

You have not taken this quiz since the last reset